Top 20 Wolverhampton Wanderers Goalscorers in the Premier League - Statistics

General Stats
  • This quiz has been taken 28 times
    20 since last reset
  • The average score is 13 of 22
Answer Stats
N Player Nationality Goals % Correct
2 Diogo Jota Portuguese 33
94%
1 Raúl Jiménez Mexican 40
94%
17 Joao Moutinho Portuguese 5
88%
6 Hwang Hee-chan South Korea 17
81%
14 Matt Doherty Irish 8
81%
12 Romain Saiss Morocco 9
81%
4 Rúben Neves Portuguese 21
81%
9 Adama Traoré Spanish 10
75%
9 Pedro Neto Portuguese 10
75%
8 Daniel Podence Portuguese 12
69%
12 Leander Dendoncker Belgian 9
69%
17 Conor Coady English 5
63%
3 Steven Fletcher Scottish 22
56%
5 Kevin Doyle Irish 18
50%
20 Matheus Cunha Brazilian 4
50%
7 Matt Jarvis English 15
50%
15 Jonny Spanish 6
44%
17 Willy Boly French 5
44%
20 Nemad Milijas Serbian 4
38%
9 Sylvan Ebanks-Blake English 10
19%
15 Stephen Hunt Irish 6
13%
20 Stephen Ward Irish 4
6%
No matching quizzes found
Score Distribution
Percent of People with Each Score
Percentile by Number Answered
Your Score History
You have not taken this quiz since the last reset